Проведение исследований по повышению стабильности работы прибора 1 СБ-12: Отчет о НИР; № 1

Xehetasun bibliografikoak
Erakunde egilea: Томский политехнический институт
Beste egile batzuk: Копытов В. И. (руководитель), Камашев Ю. М. (исполнитель)
Gaia:For_staff_use
Hizkuntza:errusiera
Argitaratua: Томск, 1965
Gaiak:
Formatua: Liburua
KOHA link:https://koha.lib.tpu.ru/cgi-bin/koha/opac-detail.pl?biblionumber=54994

MARC

LEADER 00000nbm0a2200000 4500
001 54994
005 20231031050906.0
035 |a (RuTPU)RU\TPU\book\57682 
090 |a 54994 
100 |a 20030902d1965 k y0rusy50 ca 
101 0 |a rus 
102 |a RU 
105 |a a p 001zy 
200 1 |a Проведение исследований по повышению стабильности работы прибора 1 СБ-12  |e Отчет о НИР  |f Томский политехнический институт; науч. рук. В. И. Копытов; Отв. исп. Ю. М. Камашев  |h № 1 
210 |a Томск  |d 1965 
215 |a 46 с.  |c ил. 
320 |a Библиогр.: с. 45 
371 0 |a For_staff_use 
610 1 |a физика 
610 1 |a линейные ускорения 
610 1 |a гироскопические интеграторы 
610 1 |a движение 
610 1 |a уравнения 
610 1 |a элементы 
610 1 |a идеальное исполнение 
610 1 |a гироузлы 
610 1 |a инерция 
610 1 |a вибрация 
610 1 |a изготовление 
610 1 |a погрешности 
610 1 |a испытания 
610 1 |a отчеты 
675 |a 531.383(04)  |v 3 
702 1 |a Копытов  |b В. И.  |4 673 
702 1 |a Камашев  |b Ю. М.  |4 677 
712 0 2 |a Томский политехнический институт  |2 stltpush  |3 (RuTPU)RU\TPU\col\1123 
801 1 |a RU  |b 63413507  |c 20030902  |g PSBO 
801 2 |a RU  |b 63413507  |c 20070504  |g PSBO 
942 |c BK